Afrikan valtioiden pääkaupungit - Statistics

Yleistilastot
  • Tätä visaa on pelattu 5 871 kertaa
  • Keskiarvotulos 29 / 54
Vastaustilastot
Valtio Pääkaupunki % Oikein
Egypti Kairo
95%
Etelä-Afrikka Bloemfontein / Kapkaupunki / Pretoria
88%
Algeria Alger
86%
Kenia Nairobi
82%
Tunisia Tunis
81%
Djibouti Djibouti
76%
Marokko Rabat
71%
Etiopia Addis Abeba
70%
Somalia Mogadishu
70%
Libya Tripoli
67%
Angola Luanda
65%
Guinea-Bissau Bissau
64%
São Tomé ja Principe São Tomé
64%
Burkina Faso Ouagadougou
61%
Ghana Accra
60%
Senegal Dakar
60%
Sierra Leone Freetown
59%
Kongon demokraattinen tasavalta Kinshasa
59%
Nigeria Abuja
58%
Uganda Kampala
58%
Madagaskar Antananarivo
57%
Kongon tasavalta Brazzaville
56%
Etelä-Sudan Juba
55%
Zimbabwe Harare
54%
Sambia Lusaka
54%
Namibia Windhoek
53%
Seychellit Victoria
52%
Sudan Khartum
51%
Gabon Libreville
51%
Ruanda Kigali
50%
Eritrea Asmara
45%
Benin Cotonou / Porto-Novo
45%
Mosambik Maputo
45%
Liberia Monrovia
45%
Gambia Banjul
44%
Tansania Dodoma
44%
Botswana Gaborone
44%
Togo Lomé
44%
Komorit Moroni
44%
Kap Verde Praia
42%
Kamerun Yaoundé
41%
Mali Bamako
39%
Mauritius Port Louis
39%
Keski-Afrikan tasavalta Bangui
38%
Tšad N'Djamena
38%
Niger Niamey
38%
Burundi Gitega
37%
Malawi Lilongwe
37%
Guinea Conakry
36%
Lesotho Maseru
35%
Swazimaa Mbabane
35%
Norsunluurannikko Yamoussoukro
35%
Päiväntasaajan Guinea Ciudad de la Paz
32%
Mauritania Nouakchott
32%
Ehtoja vastaavia visoja ei löytynyt
Tulosjakauma
Jokaisen tuloksen saaneiden osuus
Persentiili vastausten määrän mukaan
Tuloshistoriasi
Et ole pelannut tätä visaa